| 000 | 00632nam a22001937a 4500 | ||
|---|---|---|---|
| 999 |
_c8834 _d8834 |
||
| 003 | AR-CdUCM | ||
| 008 | 190326b ||||| |||| 00| 0 spa d | ||
| 040 |
_aMUNICIPALIDAD PROVINCIAL DEL CUSCO _cBIBLIOTECA MUNICIPAL DEL CUSCO |
||
| 082 |
_aSI-0003 / _bPAZ / per |
||
| 100 |
_aPaz, Andrea _924599 |
||
| 245 |
_aLos peruguntones incas : _bel libro de preguntas y respuestas sobre los incas para curiosos / |
||
| 260 |
_aLima : _bPlaneta Perú, _c2010. |
||
| 300 |
_a31 páginas ; _c28 cm. |
||
| 650 |
_aCuentos infantiles _93927 |
||
| 650 |
_aSiglo XXI _92856 |
||
| 700 |
_aPaz, Claudia _924600 |
||
| 942 |
_2ddc _cLIBROS |
||
| 945 | _aafb | ||